Собрание сочинений. Т. 3: Все люди - враги (Запись № 6934959)

Подробности
000 -МАРКЕР
контрольное поле 01110nam2a22002411 4500
001 - ИДЕНТИФИКАТОР ЗАПИСИ
контрольное поле rc\584397
005 - ИДЕНТИФИКАТОР ВЕРСИИ
контрольное поле 20250621231302.0
010 ## - МЕЖДУНАРОДНЫЙ СТАНДАРТНЫЙ НОМЕР КНИГИ (ISBN)
Номер (ISBN) 5-280-00813-3
Тираж 200000
035 ## - ДРУГИЕ СИСТЕМНЫЕ НОМЕРА
Идентификатор записи (NLR Aleph) 005970955
100 ## - ДАННЫЕ ОБЩЕЙ ОБРАБОТКИ
Данные общей обработки 20031121d1989 |||y0rusy50 ca
101 0# - ЯЗЫК РЕСУРСА
Язык текста, звукозаписи и т.д. русский
102 ## - СТРАНА ПУБЛИКАЦИИ ИЛИ ПРОИЗВОДСТВА
Страна публикации Российская Федерация
105 ## - ПОЛЕ КОДИРОВАННЫХ ДАННЫХ: ТЕКСТОВЫЕ МАТЕРИАЛЫ, МОНОГРАФИЧЕСКИЕ
Кодированные данные о монографическом текстовом документе y |||||||||
200 1# - ЗАГЛАВИЕ И СВЕДЕНИЯ ОБ ОТВЕТСТВЕННОСТИ
Основное заглавие Все люди - враги
Сведения, относящиеся к заглавию Роман
Первые сведения об ответственности [Пер. О. Ефимовской]
210 ## - ПУБЛИКАЦИЯ, РАСПРОСТРАНЕНИЕ И ДР.
Дата издания, распространения и т.д. 1989
Место издания, распространения и т.д. Б. м.
215 ## - ФИЗИЧЕСКАЯ ХАРАКТЕРИСТИКА
Специфическое обозначение материала и объем 495 с.
Размеры 21
461 #0 - УРОВЕНЬ НАБОРА
Встроенное поле 001rc\584394
-- 2001#$aСобрание сочинений$eПер. с англ.$eВ 4 т.$fРичард Олдингтон$gРедкол.: Т. Кудрявцева и др.$g[Сост., вступ. ст., с. 5-24, М. Урнова]$vТ. 3
-- 700#1$aОлдингтон$bР.$gРичард$f1892-1962
Системный номер (АБИС) связанной записи 6934931
Автор Олдингтон, Р. (1892-1962)
Место публикации М.
Дата публикации 1988-
Первые сведения об ответственности Ричард Олдингтон
Имя издателя, распространителя и т.д. Худож. лит.
Сведения, относящиеся к заглавию Пер. с англ. : В 4 т.
Заглавие Собрание сочинений
ISBN 5280003107
Номер тома Т. 3
801 #0 - ИСТОЧНИК ЗАПИСИ
Страна Российская Федерация
Организация NLR
Правила каталогизации psbo
801 #1 - ИСТОЧНИК ЗАПИСИ
Страна Российская Федерация
Организация ELAR
Источник данных rusmarc
852 ## - МЕСТОНАХОЖДЕНИЕ И ШИФР ХРАНЕНИЯ
Идентификатор организации NLR
Шифр хранения (Call Number) 88-3/2723
942 ## - ДОПОЛНИТЕЛЬНЫЕ ЭЛЕМЕНТЫ ЗАПИСИ (АБИС)
Тип экземпляра АБИС Книга
980 ## - КОЛЛЕКЦИЯ
Название коллекции Национальная библиография
Экземпляры
Тип экземпляра Дата поступления Библиотека постоянного хранения Библиотека текущего хранения Место хранения Шифр хранения Штрих-код Статус экземпляра
Книга 26.10.2013 РНБ (Московский) РНБ (Московский) Русский книжный фонд: издания с 1957 года 88-3/2723 5970955-10